Employees' state insurance corporation (Record no. 498309)

000 -LEADER
fixed length control field 00395cam a22001097a 4500
008 - FIXED-LENGTH DATA ELEMENTS--GENERAL INFORMATION
fixed length control field 180718b1960 xxu||||| |||| 00| 0 eng d
082 ## - DEWEY DECIMAL CLASSIFICATION NUMBER
Classification number U61 ESICi
245 ## - TITLE STATEMENT
Title Employees' state insurance corporation
Statement of responsibility, etc. by Employees' State Insurance Corporation, India
260 ## - PUBLICATION, DISTRIBUTION, ETC.
Place of publication, distribution, etc. New Delhi
Name of publisher, distributor, etc. Employees' State Insurance Corporation
Date of publication, distribution, etc. 1960
300 ## - PHYSICAL DESCRIPTION
Extent 22p.
700 ## - ADDED ENTRY--PERSONAL NAME
Personal name India. Employees' State Insurance Corporation
Holdings
Withdrawn status Lost status Damaged status Not for loan Permanent Location Current Location Date acquired Full call number Barcode Date last seen Price effective from Koha item type
        Indian Institute of Public Administration Indian Institute of Public Administration 2018-08-04 U61 ESICi GG1355 2018-08-04 2018-08-04 GG
        Indian Institute of Public Administration Indian Institute of Public Administration 2018-08-04 U61 ESICi GG1354 2018-08-04 2018-08-04 GG
        Indian Institute of Public Administration Indian Institute of Public Administration 2018-08-04 U61 ESICi GG1353 2018-08-04 2018-08-04 GG

Powered by Koha